Culture Générale - Série 2084 - Statistiques

Statistiques générales
  • Ce quiz a été pris 106 fois
  • Le résultat moyen est 6 sur 10
Statistiques - réponses
Question Réponse % Correct
A quel fruit est associé le nom de Newton ? pomme
98%
De quel pays La Valette est-elle la capitale ? Malte
95%
A quelle ville italienne le nom des Médicis est-il lié ? Florence
90%
Dans quel pays d'Asie se trouve la ville d'Alep ? Syrie
86%
Comment appelle-t-on les membres de l'Académie Française ? immortels
67%
Quelle région frontalière, revendiquée par l'Inde et le Pakistan, est à l'origine d'un conflit entre les deux pays ? Cachemire
48%
Quel était la profession du résistant Jean Moulin ? préfet
46%
Qui a été le premier Président de la Tunisie en 1957 ? voir photo Habib Bourguiba
44%
Quel pays est devenu indépendant de la France le 27 juin 1977 ? Djibouti
15%
Quel est le prénom et nom du cinéaste (1905-1934) qui a réalisé "zéro de conduite" et "L'atalante"? Il a donné son nom à une récompense cinématographique . Jean Vigo
12%
Aucun quiz correspondant
Distribution des résultats
% des personnes avec chaque résultat
Percentile par nombre de réponses
Votre historique - résultats
Vous n’avez pas pris ce quiz